| 000 | 00382nam a2200133 4500 | ||
|---|---|---|---|
| 999 |
_c11993 _d11993 |
||
| 008 | 210115b ||||| |||| 00| 0 eng d | ||
| 082 | 0 | 0 |
_a621.38154 _bK148 |
| 100 |
_94256 _aKalsi, H. S. |
||
| 245 | 1 | 0 |
_aElectronic instrumentation / _cby H. S. Kalsi |
| 260 |
_aNew Delhi: _bTata McGraw-Hill, _c1995. |
||
| 300 | _axix, 635 p. | ||
| 650 | 0 | _aElectronics Instruments | |
| 942 |
_2ddc _cBK |
||